Asian arts and Christian hope / (Record no. 1571)

MARC details
000 -LEADER
fixed length control field 00838nam a2200277 a 4500
001 - CONTROL NUMBER
control field 3784621
003 - CONTROL NUMBER IDENTIFIER
control field GBCCL
005 - DATE AND TIME OF LATEST TRANSACTION
control field 20241126110404.0
008 - FIXED-LENGTH DATA ELEMENTS--GENERAL INFORMATION
fixed length control field 831102s1983 ii af b 000 0 eng
010 ## -
-- 83905070
020 ## - INTERNATIONAL STANDARD BOOK NUMBER
Terms of availability Rs125.00
040 ## - CATALOGING SOURCE
Original cataloging agency DLC
Transcribing agency DLC
Modifying agency DLC
043 ## -
-- a-ii---
050 00 -
-- NX576.A1
-- N52 1983
082 00 - DEWEY DECIMAL CLASSIFICATION NUMBER
Classification number 700.954
Edition information 19
Item number NIC
100 1# - MAIN ENTRY--PERSONAL NAME
Personal name Nicholls, Kathleen D.
9 (RLIN) 3182
245 10 - TITLE STATEMENT
Title Asian arts and Christian hope /
Statement of responsibility, etc. Kathleen D. Nicholls.
260 ## - PUBLICATION, DISTRIBUTION, ETC.
Place of publication, distribution, etc. New Delhi :
Name of publisher, distributor, etc. Select Books,
Date of publication, distribution, etc. 1983.
300 ## - PHYSICAL DESCRIPTION
Extent xviii, 189 p., [19] leaves of plates :
Other physical details ill. ;
Dimensions 24 cm.
504 ## - BIBLIOGRAPHY, ETC. NOTE
Bibliography, etc. note Bibliography: p. [186]-189.
650 #0 - SUBJECT ADDED ENTRY--TOPICAL TERM
Topical term or geographic name entry element Arts, Indic.
9 (RLIN) 3183
650 #0 - SUBJECT ADDED ENTRY--TOPICAL TERM
Topical term or geographic name entry element Christianity and culture.
9 (RLIN) 886
650 #0 - SUBJECT ADDED ENTRY--TOPICAL TERM
Topical term or geographic name entry element Arts, Indic
General subdivision Influence.
9 (RLIN) 3184
906 ## - LOCAL DATA ELEMENT F, LDF (RLIN)
a 7
b cbc
c orignew
d 3
e ncip
f 19
g y-gencatlg
942 ## - ADDED ENTRY ELEMENTS (KOHA)
Source of classification or shelving scheme Dewey Decimal Classification
Koha item type Books
Holdings
Withdrawn status Lost status Source of classification or shelving scheme Damaged status Not for loan Home library Current Library Shelving location Date acquired Total checkouts Full call number Barcode Date last seen Copy number Price effective from Koha item type
    Dewey Decimal Classification     GRACE BIBLE COLLEGE GRACE BIBLE COLLEGE General Studies 2017-05-05   700.954 NIC 001317 2025-05-01 c.1 2017-05-05 Books
    Dewey Decimal Classification     GRACE BIBLE COLLEGE GRACE BIBLE COLLEGE General Studies 2017-05-05   700.954 NIC 001318 2025-05-01 c.2 2017-05-05 Books
    Dewey Decimal Classification     GRACE BIBLE COLLEGE GRACE BIBLE COLLEGE General Studies 2018-07-30   700.954 NIC 001585 2025-05-01 c.3 2018-07-30 Books
© Grace Bible College Library 2025